000 00630nam a2200229Ia 4500
008 191119s9999 xx 000 0 und d
020 _a978-971-98-0862-6
050 _aFIL JZ 1318
050 _b.C53 2018
100 _aClaudio, Lisandro E.
245 4 _aThe Contemporary world /
245 0 _cLisandro E. Claudio and Patricio N. Abinales.
260 _aPhilippines :
260 _bC&E Publishing,
260 _c2018
300 _a182 pages :
300 _billustrations ;
300 _c22 cm.
500 _aIncludes bibliographic references and index.
650 _aGlobalization.
650 _xWorld economics.
999 _c363097
_d363097